000 00696cam a2200157 4500
001 ABS60972
008 000000n1999 000 0 eng u
035 _a(Sirsi) u101518
100 _aDelargy, M.
245 _aOff the shelf.
260 _c1999
490 _aBuilding
_v264(8098) 23 July 1999, 58-59(2)
520 _aExamines a new Internet-based document handling system recently launched by Sainsbury's. JS Data Stream aims to reduce the cost of printing and distributing artwork by £1m a year. Although the system is not compulsory, all consultants working for Sainsbury's will be 'encouraged' to use it.
690 _aMANAGEMENT-BUSINESS MANAGEMENT-INFORMATION MANAGEMENT
942 _n0
999 _c60650
_d60650